[Event "46th Rilton Cup 2016-17"]
[Site "Stockholm SWE"]
[Date "2016.12.29"]
[Round "3.16"]
[White "Nielsen, Rogvi Egilstoft"]
[Black "Westerberg, Jonathan"]
[Result "1/2-1/2"]
[WhiteTitle "FM"]
[BlackTitle "IM"]
[WhiteElo "2351"]
[BlackElo "2483"]
[WhiteFideId "7200447"]
[BlackFideId "1701754"]
[EventDate "2016.12.27"]

1. e4 e6 2. Nf3 d5 3. Nc3 d4 4. Ne2 c5 5. c3 Nf6 6. e5 Nfd7 7. cxd4 cxd4 8.
Nexd4 Nxe5 9. Nxe5 Qxd4 10. Nf3 Qd5 11. Qc2 Nc6 12. a3 Be7 13. Bc4 Qd6 14. d4
Bf6 15. Be3 Bd7 16. O-O Rc8 17. b4 O-O 18. Qd3 Ne7 19. Bg5 Bc6 20. Bxf6 gxf6 21.
Bb3 Rfd8 22. Rad1 Qf4 23. Qe3 Qg4 24. h3 Qh5 25. Nh2 Qg6 26. Qg3 Qxg3 27. fxg3
Bd5 28. Bxd5 Nxd5 29. Rd3 Rc4 30. Ng4 Kg7 31. Kh2 h5 32. Nf2 Ne7 33. g4 hxg4 34.
Nxg4 f5 35. Ne5 Rcxd4 36. Rc3 Re4 37. Rc7 Kf8 38. Nf3 Rb8 39. Ng5 Rd4 40. Rfc1
Rd6 41. R1c4 f6 42. Rh4 fxg5 43. Rh8+ Ng8 44. Rhh7 e5 45. Rcf7+ Ke8 46. Rfg7 Kf8
47. Rf7+ 1/2-1/2

[Event "46th Rilton Cup 2016-17"]
[Site "Stockholm SWE"]
[Date "2016.12.29"]
[Round "3.17"]
[White "Salomon, Johan"]
[Black "Sankalp, Gupta"]
[Result "1-0"]
[WhiteTitle "IM"]
[WhiteElo "2470"]
[BlackElo "2093"]
[WhiteFideId "1509500"]
[BlackFideId "5097010"]
[EventDate "2016.12.27"]

1. Nf3 Nf6 2. c4 c6 3. e3 g6 4. Nc3 d5 5. d4 Bg7 6. Be2 O-O 7. O-O Nbd7 8. cxd5
cxd5 9. b3 b6 10. a4 Bb7 11. Ba3 Rc8 12. Rc1 Re8 13. Nd2 a6 14. f4 e6 15. Bd3
Nb8 16. Qe2 Bf8 17. Bxf8 Rxf8 18. g4 Qd6 19. g5 Nfd7 20. Nf3 Qb4 21. Qb2 Nc6 22.
Na2 Qd6 23. h4 Ne7 24. Rce1 Nf5 25. Rf2 Ng3 26. Rg2 Ne4 27. Nd2 Nxd2 28. Rxd2
Rc7 29. h5 Rfc8 30. hxg6 fxg6 31. Bf1 Nf8 32. Rc1 a5 33. Rxc7 Qxc7 34. b4 Bc6
35. Rc2 Qd7 36. bxa5 bxa5 37. Qc1 Bb7 38. Bb5 Rxc2 39. Qxc2 Qd8 40. Nc1 Nd7 41.
Nb3 Bc8 42. Qc3 Nb6 43. Qxa5 Qd6 44. Qc3 Bb7 45. Nd2 h6 46. gxh6 g5 47. Qc2 e5
48. Qf5 Qxh6 49. fxg5 Qh4 50. Qg6+ Kh8 51. Qe8+ Kg7 52. Qxe5+ Kg8 53. Qe6+ Kg7
54. Qf6+ Kg8 55. Qg6+ Kh8 56. Qe8+ Kg7 57. Qe7+ Kg8 58. Qxb7 1-0

[Event "46th Rilton Cup 2016-17"]
[Site "Stockholm SWE"]
[Date "2016.12.29"]
[Round "3.18"]
[White "Prince, Bajaj"]
[Black "Bellia, Fabrizio"]
[Result "0-1"]
[WhiteTitle "CM"]
[BlackTitle "IM"]
[WhiteElo "2305"]
[BlackElo "2433"]
[WhiteFideId "5045150"]
[BlackFideId "800511"]
[EventDate "2016.12.27"]

1. e4 c6 2. d4 d5 3. exd5 cxd5 4. c4 Nf6 5. Nc3 e6 6. Nf3 Bb4 7. cxd5 Nxd5 8.
Bd2 Nc6 9. Bd3 O-O 10. O-O Be7 11. Nxd5 exd5 12. h3 Bf6 13. Rc1 Be6 14. Bc3 Qb6
15. Qd2 h6 16. Rfe1 Rfe8 17. Re2 Bd7 18. Rce1 Rxe2 19. Rxe2 Re8 20. Rxe8+ Bxe8
21. Qf4 Qd8 22. a3 a6 23. h4 Bd7 24. Ne5 Nxe5 25. dxe5 Bxh4 26. Qd4 Be6 27. f4
f5 28. g4 g6 29. gxf5 gxf5 30. Bxf5 Bxf5 31. e6 Bf6 32. Qxf6 Qxf6 33. Bxf6 Bxe6
34. Kf2 Kf7 35. Bc3 Kg6 36. Ke3 Kf5 37. Be1 h5 38. Bh4 Kg4 39. Bd8 Bf5 40. Kd4
h4 41. Bxh4 Kxh4 42. Kxd5 Kg4 43. Kc5 Kxf4 44. a4 Ke5 45. b4 Be4 46. b5 axb5 47.
Kxb5 Bd3+ 48. Kc5 Ba6 49. a5 Ke4 0-1

[Event "46th Rilton Cup 2016-17"]
[Site "Stockholm SWE"]
[Date "2016.12.29"]
[Round "3.19"]
[White "Risting, Eivind Olav"]
[Black "Kravtsiv, Martyn"]
[Result "0-1"]
[WhiteTitle "FM"]
[BlackTitle "GM"]
[WhiteElo "2222"]
[BlackElo "2645"]
[WhiteFideId "1517333"]
[BlackFideId "14113147"]
[EventDate "2016.12.27"]

1. d4 d5 2. c4 e6 3. Nc3 Be7 4. Nf3 Nf6 5. Bf4 O-O 6. e3 Nbd7 7. c5 Ne4 8. Qc2
f5 9. Ne5 Bh4 10. g3 Bf6 11. Nxd7 Bxd7 12. f3 Ng5 13. Kf2 Nf7 14. h4 c6 15. Bd3
e5 16. dxe5 Nxe5 17. Bxe5 Bxe5 18. Ne2 b6 19. Rab1 bxc5 20. Qxc5 Bc7 21. Qc3 Qe7
22. Rhe1 Rae8 23. Nf4 Bb6 24. Bc2 Qd6 25. Rbd1 Re5 26. Kg2 Rfe8 27. e4 fxe4 28.
Rxe4 Rxe4 29. fxe4 Bg4 30. Re1 Qe5 31. Qxe5 Rxe5 32. Kf1 Ba5 33. Re3 d4 34. Rd3
Rxe4 35. Ra3 Re5 36. Nd3 Rb5 37. b4 Bb6 38. Ba4 Rf5+ 39. Nf4 Rf6 40. Rd3 h6 41.
Kg2 g5 42. hxg5 hxg5 43. Nh3 Be2 44. Ra3 d3 45. Nxg5 Bf1+ 46. Kh2 Rh6+ 0-1

[Event "46th Rilton Cup 2016-17"]
[Site "Stockholm SWE"]
[Date "2016.12.29"]
[Round "3.20"]
[White "Ornstein, Axel"]
[Black "Bluebaum, Matthias"]
[Result "1/2-1/2"]
[WhiteTitle "IM"]
[BlackTitle "GM"]
[WhiteElo "2338"]
[BlackElo "2640"]
[WhiteFideId "1700111"]
[BlackFideId "24651516"]
[EventDate "2016.12.27"]

1. c4 Nf6 2. Nf3 b6 3. g3 Bb7 4. Bg2 g6 5. b4 Bg7 6. Bb2 O-O 7. O-O d6 8. d4
Nbd7 9. Qb3 a5 10. b5 Re8 11. Nc3 e5 12. e3 Ne4 13. dxe5 Ndc5 14. Qc2 Nxc3 15.
Bxc3 Be4 16. Qb2 dxe5 17. Rad1 Qe7 18. Nd2 Bxg2 19. Kxg2 Qe6 20. Qc2 Rad8 21.
Ba1 Rd6 22. Nb3 Nxb3 23. axb3 Red8 24. e4 f5 25. Rxd6 Rxd6 26. Rd1 fxe4 27. Rxd6
Qxd6 28. Qxe4 Bf6 29. Bc3 Kf7 30. Qe3 Qe6 31. Qh6 Kg8 32. Qd2 a4 33. bxa4 Qxc4
34. f4 Qe4+ 35. Kh3 exf4 36. Bxf6 Qf5+ 37. Kg2 Qxf6 38. Qxf4 Qe7 39. Kf3 1/2-1/2

[Event "46th Rilton Cup 2016-17"]
[Site "Stockholm SWE"]
[Date "2016.12.29"]
[Round "3.21"]
[White "Luukkonen, Tommi"]
[Black "Volkov, Sergey"]
[Result "0-1"]
[WhiteTitle "FM"]
[BlackTitle "GM"]
[WhiteElo "2333"]
[BlackElo "2624"]
[WhiteFideId "501808"]
[BlackFideId "4122763"]
[EventDate "2016.12.27"]

1. e4 e6 2. d4 d5 3. Nc3 Nf6 4. e5 Nfd7 5. f4 c5 6. Nf3 Be7 7. Be3 b6 8. Qd2 Nc6
9. Be2 Bb7 10. O-O O-O 11. Nd1 cxd4 12. Nxd4 Nc5 13. Nf2 Rc8 14. c3 Qc7 15. Rad1
Rfd8 16. Ng4 Ne4 17. Qe1 Bc5 18. Bd3 Ne7 19. Nb5 Qb8 20. Bxc5 Rxc5 21. Nd4 Nf5
22. Bxe4 dxe4 23. Nxf5 exf5 24. Qh4 Rxd1 25. Rxd1 Rd5 26. Rxd5 Bxd5 27. Ne3 Be6
28. h3 b5 29. Qe7 h6 30. Qc5 Qd8 31. Qxb5 Qd2 32. Qb8+ Kh7 33. Qxa7 Qe1+ 34. Kh2
Qf2 35. Qd4 Qxf4+ 36. Kg1 Qg3 37. a4 Qe1+ 38. Kh2 Qb1 39. c4 f4 40. Nd1 e3 41.
Nc3 Qxb2 42. Qe4+ g6 43. Nd5 Bxd5 44. Qxd5 Kg7 45. Qd6 f3 46. Qf6+ Kg8 47. Qxf3
Qxe5+ 48. Qg3 Qe4 49. c5 e2 50. Qe1 Qf4+ 51. Kg1 Qd4+ 0-1

[Event "46th Rilton Cup 2016-17"]
[Site "Stockholm SWE"]
[Date "2016.12.29"]
[Round "3.22"]
[White "Postny, Evgeny"]
[Black "Bellon Lopez, Juan Manuel"]
[Result "1-0"]
[WhiteTitle "GM"]
[BlackTitle "GM"]
[WhiteElo "2620"]
[BlackElo "2336"]
[WhiteFideId "2804344"]
[BlackFideId "2200031"]
[EventDate "2016.12.27"]

1. d4 d5 2. c4 c6 3. Nf3 dxc4 4. a4 Nf6 5. Nc3 a5 6. e4 Bg4 7. Bxc4 Bxf3 8. gxf3
e6 9. O-O Be7 10. Be3 O-O 11. f4 Na6 12. Qf3 Nb4 13. Rad1 g6 14. Kh1 Kh8 15. Rg1
Nc2 16. Rd2 Nxe3 17. fxe3 Ne8 18. f5 exf5 19. exf5 Bb4 20. Rdd1 Nd6 21. Bd3 Qf6
22. Ne2 c5 23. Nf4 gxf5 24. Qg3 cxd4 25. Nd5 Qg6 1-0

[Event "46th Rilton Cup 2016-17"]
[Site "Stockholm SWE"]
[Date "2016.12.29"]
[Round "3.23"]
[White "Santarius, Erik F"]
[Black "Sevian, Samuel"]
[Result "0-1"]
[BlackTitle "GM"]
[WhiteElo "2312"]
[BlackElo "2603"]
[WhiteFideId "2025817"]
[BlackFideId "2040506"]
[EventDate "2016.12.27"]

1. e4 e5 2. Nf3 Nc6 3. Bb5 a6 4. Ba4 g6 5. d4 exd4 6. Bg5 Be7 7. Bxe7 Ngxe7 8.
Nxd4 b5 9. Bb3 Na5 10. Nf3 Bb7 11. Nc3 O-O 12. Qd2 Nxb3 13. axb3 b4 14. Nd5 Nxd5
15. exd5 Re8+ 16. Kd1 Qf6 17. Kc1 c5 18. Ra2 Re4 19. c4 Rae8 20. Qg5 Qxg5+ 21.
Nxg5 Rg4 22. Nh3 Rxg2 23. Nf4 Rg4 24. Nd3 d6 25. Re1 Rxe1+ 26. Nxe1 Rh4 27. Nd3
Rxh2 28. Ra5 Kf8 29. Kd2 Bc8 30. Ke3 Rh1 31. Nxc5 dxc5 32. Rxc5 Bf5 33. Rc6 Re1+
34. Kd4 h5 0-1

[Event "46th Rilton Cup 2016-17"]
[Site "Stockholm SWE"]
[Date "2016.12.29"]
[Round "3.24"]
[White "Bromberger, Stefan"]
[Black "Hejazipour, Mitra"]
[Result "1/2-1/2"]
[WhiteTitle "GM"]
[BlackTitle "WGM"]
[WhiteElo "2525"]
[BlackElo "2307"]
[WhiteFideId "4635248"]
[BlackFideId "12505951"]
[EventDate "2016.12.27"]

1. e4 c5 2. Nf3 d6 3. d4 cxd4 4. Nxd4 Nf6 5. Nc3 a6 6. h3 e5 7. Nde2 h5 8. Bg5
Be6 9. Bxf6 Qxf6 10. Nd5 Qd8 11. Nec3 g6 12. Bc4 Bh6 13. O-O O-O 14. Qd3 Nc6 15.
a4 Rc8 16. Ba2 Nd4 17. a5 Kg7 18. Nb6 Rc5 19. Bc4 Bxc4 20. Nxc4 Nxc2 21. Qxc2
Rxc4 22. Qb3 Qc7 23. Rfd1 Rd8 24. Nd5 Qc6 25. Qf3 Bg5 26. b3 Rc5 27. Qg3 Bf6 28.
Qf3 Bg5 29. Qg3 Bf6 30. Qf3 Bg5 31. Qg3 1/2-1/2

[Event "46th Rilton Cup 2016-17"]
[Site "Stockholm SWE"]
[Date "2016.12.29"]
[Round "3.25"]
[White "Wiander, Michael"]
[Black "Esserman, Marc"]
[Result "1/2-1/2"]
[WhiteTitle "CM"]
[BlackTitle "IM"]
[WhiteElo "2246"]
[BlackElo "2468"]
[WhiteFideId "1702580"]
[BlackFideId "2018616"]
[EventDate "2016.12.27"]

1. e4 c5 2. Nf3 d6 3. d4 cxd4 4. Nxd4 Nf6 5. Nc3 a6 6. Bg5 e6 7. f4 Be7 8. Qf3
Qc7 9. O-O-O Nbd7 10. g4 b5 11. Bxf6 Nxf6 12. g5 Nd7 13. f5 O-O 14. Rg1 b4 15.
Nce2 e5 16. f6 exd4 17. fxe7 Re8 18. e5 d3 19. Qxd3 dxe5 20. Bg2 Ra7 21. g6 hxg6
22. Bd5 e4 23. Qxe4 Ne5 24. Rxg6 Nxg6 25. Bxf7+ Kxf7 26. Rf1+ Kg8 27. Qd5+ Kh7
28. Qh5+ Kg8 29. Qd5+ Kh7 30. Qh5+ Kg8 1/2-1/2

[Event "46th Rilton Cup 2016-17"]
[Site "Stockholm SWE"]
[Date "2016.12.29"]
[Round "3.26"]
[White "Rydstrom, Tom"]
[Black "Cramling, Pia"]
[Result "1/2-1/2"]
[WhiteTitle "FM"]
[BlackTitle "GM"]
[WhiteElo "2239"]
[BlackElo "2453"]
[WhiteFideId "1714830"]
[BlackFideId "1700030"]
[EventDate "2016.12.27"]

1. e4 c5 2. Nf3 a6 3. Nc3 e6 4. d4 cxd4 5. Nxd4 Qc7 6. g3 Bb4 7. Bd2 Nf6 8. Bg2
Nc6 9. Nb3 Be7 10. O-O d6 11. f4 Nd7 12. Qe2 O-O 13. Rad1 Re8 14. g4 b5 15. a3
Rb8 16. Kh1 Bf8 17. g5 Bb7 18. Rf3 g6 19. Rh3 Bg7 20. Qf2 b4 21. axb4 Nxb4 22.
Be3 Ba8 23. Rf1 f5 24. exf5 Bxg2+ 25. Qxg2 exf5 26. Bd4 Qb7 27. Bxg7 Qxg2+ 28.
Kxg2 Nxc2 29. Nd5 Kxg7 30. Rc1 Rbc8 31. Kf2 a5 32. Nxa5 Nc5 33. Nf6 Ne4+ 34. Kg1
Nxf6 35. gxf6+ Kxf6 36. Rxh7 Re2 37. Nb7 Rc4 38. Rf7+ Ke6 39. Rg7 Rxf4 40. Rxg6+
Ke5 41. Nxd6 Rg4+ 42. Rxg4 fxg4 43. Nc4+ Kd4 44. Nd6 Ne3 45. b4 Rg2+ 46. Kh1 Rb2
47. b5 Kd3 48. Re1 Kd2 49. Rg1 Kd3 50. Re1 Kd2 51. Rg1 Kd3 52. Re1 Kd2 53. Rg1 1/2-1/2

[Event "46th Rilton Cup 2016-17"]
[Site "Stockholm SWE"]
[Date "2016.12.29"]
[Round "3.27"]
[White "Bracker, Frank"]
[Black "Saravanan, V."]
[Result "1/2-1/2"]
[WhiteTitle "IM"]
[BlackTitle "IM"]
[WhiteElo "2435"]
[BlackElo "2306"]
[WhiteFideId "24614343"]
[BlackFideId "5000580"]
[EventDate "2016.12.27"]

1. e4 e5 2. Nf3 Nc6 3. Bb5 a6 4. Ba4 Nf6 5. O-O Bc5 6. c3 b5 7. Bb3 d6 8. a4 Bg4
9. h3 Bxf3 10. Qxf3 Na5 11. Bc2 b4 12. d3 O-O 13. Nd2 Rb8 14. Qe2 d5 15. Nf3 Re8
16. d4 exd4 17. cxd4 dxe4 18. dxc5 exf3 19. Qxf3 Qd5 20. Qxd5 Nxd5 21. Rd1 c6
22. Rb1 Nb7 23. Bb3 Nxc5 24. Bxd5 cxd5 25. Be3 Nxa4 26. Rxd5 Nb6 27. Rc5 Red8
28. Ra1 Nd5 29. Rxa6 Nxe3 30. fxe3 h6 1/2-1/2

[Event "46th Rilton Cup 2016-17"]
[Site "Stockholm SWE"]
[Date "2016.12.29"]
[Round "3.28"]
[White "Dahl, Trygve"]
[Black "Kazakovskiy, Valeriy"]
[Result "0-1"]
[BlackTitle "IM"]
[WhiteElo "2140"]
[BlackElo "2430"]
[WhiteFideId "1513427"]
[BlackFideId "13507443"]
[EventDate "2016.12.27"]

1. e4 e5 2. Nf3 Nc6 3. Nc3 Nf6 4. Bb5 Bd6 5. O-O O-O 6. d3 h6 7. a3 Re8 8. Bc4
Bf8 9. h3 d6 10. Nh2 Be6 11. Bxe6 Rxe6 12. Nd5 Ne7 13. Nxf6+ Rxf6 14. f4 exf4
15. Ng4 Re6 16. Bxf4 Ng6 17. Bd2 Qd7 18. Qf3 c6 19. Rf2 d5 20. exd5 cxd5 21. d4
Re4 22. c3 Bd6 23. Raf1 Rf8 24. Re2 f5 25. Nf2 Rxe2 26. Qxe2 f4 27. Re1 Bc7 28.
Nd3 f3 29. gxf3 Nh4 30. f4 Qxh3 31. Rf1 Rf6 32. Kf2 Re6 33. Ne5 Bxe5 34. dxe5
Nf5 35. Qb5 Qh4+ 36. Kf3 Qh5+ 37. Kf2 Qh2+ 38. Ke1 Ng3 39. Qd3 Nxf1 40. Qxf1 Rg6
41. Be3 Qxb2 42. Qd3 Qa1+ 43. Ke2 Qa2+ 0-1

[Event "46th Rilton Cup 2016-17"]
[Site "Stockholm SWE"]
[Date "2016.12.29"]
[Round "3.29"]
[White "Stefansson, Vignir Vatnar"]
[Black "Kolbus, Dietmar"]
[Result "1-0"]
[WhiteTitle "FM"]
[BlackTitle "IM"]
[WhiteElo "2404"]
[BlackElo "2299"]
[WhiteFideId "2308649"]
[BlackFideId "4610628"]
[EventDate "2016.12.27"]

1. c4 c6 2. b3 d5 3. Bb2 Nf6 4. Nf3 Bg4 5. e3 e6 6. Be2 Nbd7 7. O-O Bd6 8. d4
Ne4 9. Ne5 Bxe2 10. Qxe2 Nxe5 11. dxe5 Be7 12. f3 Nc5 13. cxd5 cxd5 14. Nc3 O-O
15. Nb5 Qb6 16. Nd4 Rfc8 17. f4 g6 18. g4 Qa6 19. Qxa6 Nxa6 20. f5 Nc5 21. Ba3
Re8 22. Nb5 Ne4 23. Bxe7 Rxe7 24. f6 Rd7 25. Rac1 a6 26. Nd4 Kf8 27. Rc2 Ke8 28.
Rfc1 Kd8 29. Kf1 Rb8 30. Ke2 Ra8 31. b4 h6 32. a4 Ng5 33. b5 axb5 34. axb5 b6
35. Rc6 Rb7 36. Nc2 Ne4 37. Nb4 Nc5 38. Na6 Nxa6 39. bxa6 Rba7 40. Rd6+ Ke8 41.
Rxb6 Rxa6 42. Rxa6 Rxa6 43. Rc8+ Kd7 44. Rf8 Ra4 45. Rxf7+ Kd8 46. Re7 Rxg4 47.
Rxe6 Kd7 48. Rd6+ Ke8 49. Rxd5 Rg5 50. Kf3 Rf5+ 51. Ke4 Rf2 52. Rb5 g5 53. Kd5
Kf7 54. Rb7+ Kg6 55. Rg7+ Kh5 56. f7 Kh4 57. e6 Rf5+ 58. Ke4 Rf6 59. e7 Re6+ 60.
Kd5 1-0

[Event "46th Rilton Cup 2016-17"]
[Site "Stockholm SWE"]
[Date "2016.12.29"]
[Round "3.30"]
[White "Narva, Mai"]
[Black "Krishna, C R G"]
[Result "0-1"]
[WhiteTitle "WIM"]
[BlackTitle "IM"]
[WhiteElo "2218"]
[BlackElo "2390"]
[WhiteFideId "4500512"]
[BlackFideId "5018625"]
[EventDate "2016.12.27"]

1. e4 e6 2. d4 d5 3. e5 c5 4. c3 Qb6 5. Nf3 Nc6 6. a3 Nh6 7. b4 cxd4 8. cxd4 Nf5
9. Be3 Bd7 10. Bd3 Be7 11. O-O Rc8 12. Nbd2 f6 13. exf6 Bxf6 14. Nb3 Qd8 15. Bf4
O-O 16. Bxf5 exf5 17. Nc5 b6 18. Nb7 Qe7 19. Re1 Be6 20. Nd6 Ra8 21. Rc1 Nd8 22.
Nxf5 Qf7 23. Nd6 Qd7 24. Bg3 a5 25. Qd3 axb4 26. axb4 Be7 27. Nb5 Bxb4 28. Re3
Bf5 29. Qe2 Ra5 30. Nc7 Nc6 31. Qb2 Rc8 32. Rxc6 Qxc6 33. Qxb4 Be4 34. Qe7 Ra7
35. Qe6+ Qxe6 36. Nxe6 Ra1+ 37. Ne1 Rc3 38. Ng5 b5 39. Re2 Rc2 40. Re3 Rc3 41.
Re2 b4 42. Nxe4 dxe4 43. d5 b3 44. Be5 Rc2 45. Kf1 Rxe2 46. Kxe2 b2 47. Bxb2 Ra2
48. Kd2 Rxb2+ 49. Nc2 Rb3 50. Ke2 Rb2 51. Kd2 Rb3 52. Ke2 Kf7 53. Ne3 Kf6 54.
Nc4 Rb4 55. Nd2 Ke5 56. f3 exf3+ 57. Nxf3+ Kxd5 58. Kf2 h6 59. Kg3 Ke4 60. h4 h5
61. Ng5+ Kf5 62. Kh3 Rb3+ 63. g3 Ra3 64. Nf7 Ke4 65. Kg2 Ra2+ 66. Kh3 Kf3 67.
Ne5+ Kf2 68. Kh2 Ra3 69. g4 Re3 0-1

[Event "46th Rilton Cup 2016-17"]
[Site "Stockholm SWE"]
[Date "2016.12.29"]
[Round "3.31"]
[White "Grunberg, Mihai-Lucian"]
[Black "Nesterov, Arseniy"]
[Result "1/2-1/2"]
[WhiteTitle "IM"]
[WhiteElo "2389"]
[BlackElo "2296"]
[WhiteFideId "1204149"]
[BlackFideId "24198455"]
[EventDate "2016.12.27"]

1. Nf3 d5 2. g3 Nf6 3. Bg2 Bf5 4. O-O e6 5. c4 c6 6. d3 Be7 7. cxd5 cxd5 8. Qb3
Qb6 9. Qxb6 axb6 10. Nc3 Nc6 11. Nh4 Bg6 12. Nxg6 hxg6 13. Bd2 O-O 14. Nb5 Nd7
15. d4 Nf6 16. Rfc1 Ne4 17. Bxe4 dxe4 18. Bf4 Ra5 19. a4 Rfa8 20. b3 Bf6 21. e3
e5 22. dxe5 Nxe5 23. Bxe5 Bxe5 24. Rab1 Rd8 25. Rd1 Raa8 26. Na3 Kf8 27. Kf1 Ke7
28. Nc4 Bc7 29. Ke2 g5 30. Rxd8 Rxd8 31. Rc1 f5 32. Nd2 Bb8 33. Rh1 Rh8 34. h4
gxh4 35. Rxh4 Rxh4 36. gxh4 Kf6 37. f3 exf3+ 38. Kxf3 Kg6 39. Kg2 Kh5 40. Kh3
Bc7 41. Nf3 g6 42. Nd4 Bd8 43. Ne6 Bxh4 44. Nf4+ Kg5 45. Nd5 Be1 46. Nxb6 Kf6
47. Kg2 Ke6 48. Kf3 g5 49. e4 g4+ 50. Ke2 Ba5 51. Nc4 Bc7 52. exf5+ Kxf5 53.
Ne3+ Kg5 54. Ng2 Kf5 55. Ne3+ Kg5 56. Ng2 Kf5 1/2-1/2

[Event "46th Rilton Cup 2016-17"]
[Site "Stockholm SWE"]
[Date "2016.12.29"]
[Round "3.32"]
[White "Sorensen, Hampus"]
[Black "Henderson de La Fuente, Lance"]
[Result "1/2-1/2"]
[WhiteElo "2040"]
[BlackElo "2378"]
[WhiteFideId "8703884"]
[BlackFideId "32096585"]
[EventDate "2016.12.27"]

1. d4 Nf6 2. c4 e6 3. Nf3 b6 4. a3 Bb7 5. Nc3 Be7 6. Qc2 c5 7. e4 cxd4 8. Nxd4
d6 9. Be2 O-O 10. Be3 Nbd7 11. f3 Rc8 12. Qb3 d5 13. cxd5 exd5 14. Nxd5 Nxd5 15.
exd5 Nc5 16. Qd1 Qxd5 17. O-O Rfd8 18. Qe1 Ne6 19. Rd1 Bc5 20. Nc2 Qf5 21. Rxd8+
Rxd8 22. Qc3 Nf4 23. Re1 Qg6 24. g3 Nxe2+ 25. Rxe2 Bxf3 26. Rd2 Rxd2 27. Qxd2 h5
28. Bxc5 bxc5 29. Kf2 Be4 30. Ne3 Qf6+ 31. Ke1 Qf3 32. Qe2 Qxe2+ 33. Kxe2 Kf8
34. Kd2 Ke7 35. Kc3 Kd6 36. Nc4+ Kd5 37. Ne3+ Kc6 38. Nc4 f6 39. Ne3 g5 40. Nd1
Bb1 41. Kd2 Bg6 42. Nc3 a6 43. Ke3 Kd6 44. b4 cxb4 45. axb4 Be8 46. Ke4 Bd7 47.
Ne2 f5+ 48. Kd4 Bb5 49. Nc3 Bc6 50. Nd1 f4 51. gxf4 gxf4 52. Nf2 Ke6 53. Kc5 Bb5
54. Kd4 Kf5 55. Kd5 Bf1 56. Kd4 Bg2 57. Nd3 h4 58. Nf2 Bb7 59. Nd3 Bc6 60. Nf2
Bg2 61. Nd3 Bc6 62. Nf2 Bb7 63. Nd3 Kg4 64. Ke5 Kh3 65. Nxf4+ Kxh2 66. Ng6 h3
67. Nf4 Kg3 68. Nxh3 Kxh3 69. Kd4 Bf3 70. Kc3 Kg4 71. Kb3 Kf4 72. Kb2 Ke3 73.
Kc2 Kd4 74. Kb2 Be4 75. Ka2 Kc3 76. Ka1 Bc2 77. Ka2 Bb3+ 78. Kb1 Kc4 79. Kb2 Bd1
80. Ka2 Kb5 81. Kb2 Ka4 82. Ka2 Bb3+ 83. Kb2 Be6 84. Kb1 Ka3 85. Ka1 Ba2 86. b5
axb5 1/2-1/2

[Event "46th Rilton Cup 2016-17"]
[Site "Stockholm SWE"]
[Date "2016.12.29"]
[Round "3.33"]
[White "Balcerak, Philipp"]
[Black "Nielsen, Hogni Egilstoft"]
[Result "0-1"]
[BlackTitle "FM"]
[WhiteElo "2372"]
[BlackElo "2262"]
[WhiteFideId "4655036"]
[BlackFideId "7200404"]
[EventDate "2016.12.27"]

1. e4 e5 2. Nf3 Nc6 3. Bb5 a6 4. Ba4 Nf6 5. O-O Be7 6. Re1 b5 7. Bb3 O-O 8. a4
b4 9. d4 d6 10. dxe5 dxe5 11. Nbd2 Bg4 12. c3 bxc3 13. bxc3 Na5 14. Bc2 Nd7 15.
h3 Be6 16. Qe2 f6 17. Rd1 Qe8 18. Nh2 Nb6 19. Nhf1 Qc6 20. Qf3 Rfd8 21. Ng3 Rd7
22. Nf5 Bf8 23. Nf1 Rad8 24. Rxd7 Rxd7 25. Ba3 Bxa3 26. Rxa3 Nbc4 27. Ra1 g6 28.
N5g3 Kg7 29. Rd1 Rxd1 30. Qxd1 Nd6 31. Qd3 Bc4 32. Qe3 Bb3 33. Bxb3 Nxb3 34. Qa7
Qb7 35. Qe3 Qc6 36. Qa7 a5 37. Ne3 Qb7 38. Qxb7 Nxb7 39. Nd5 N7c5 40. Nxc7 Nxa4
41. Nb5 Nd2 42. f3 Nc4 43. Ne2 Kf7 44. Nc7 Nab6 45. Nc1 Ke7 46. Nd3 Kd6 47. Ne8+
Ke7 48. Nc7 Kd7 49. Na6 Na4 50. Nac5+ Nxc5 51. Nxc5+ Kc6 52. Nd3 Kb5 53. Kf2 Ka4
54. Nc5+ Ka3 55. Ke2 Nb6 56. Kd3 Kb2 57. c4 a4 58. Na6 a3 59. Nb4 Na4 60. c5
Nxc5+ 61. Kc4 Na6 0-1

[Event "46th Rilton Cup 2016-17"]
[Site "Stockholm SWE"]
[Date "2016.12.29"]
[Round "3.34"]
[White "Gulamali, Kazim"]
[Black "Kucuksari, Kaan"]
[Result "1/2-1/2"]
[WhiteTitle "FM"]
[WhiteElo "2341"]
[BlackElo "2243"]
[WhiteFideId "2024764"]
[BlackFideId "6380166"]
[EventDate "2016.12.27"]

1. e4 Nf6 2. e5 Nd5 3. d4 d6 4. Nf3 dxe5 5. Nxe5 c6 6. Be2 Bf5 7. g4 Be6 8. f4
f6 9. Nd3 Nd7 10. c4 Nc7 11. b3 Bf7 12. O-O e6 13. Nc3 Be7 14. Be3 O-O 15. Qc2
Rc8 16. Rad1 a5 17. Ne4 Na6 18. f5 exf5 19. gxf5 Re8 20. Bf4 Nb4 21. Qd2 b5 22.
c5 Nd5 23. Bg3 Nf8 24. Bf3 Qd7 25. Bg2 Rcd8 26. Rde1 Qa7 27. Bd6 Rd7 28. Bg3
Red8 29. Qf2 b4 30. Nd6 Qa6 31. Qf3 Nc3 32. Nxf7 Kxf7 33. Nf4 Rxd4 34. Qh5+ g6
35. fxg6+ hxg6 36. Nxg6 Nxg6 37. Qh7+ Kf8 38. Rxe7 Qxf1+ 39. Bxf1 Nxe7 40. Bc4
Rd1+ 41. Kg2 R8d2+ 42. Kh3 Ncd5 43. Bd6 Ke8 44. Bxe7 Nxe7 45. Be6 Kd8 46. Qh8+
Kc7 47. Qxf6 Nd5 48. Qf7+ Kb8 49. Qe8+ Ka7 50. Qd7+ Kb8 51. Qd8+ Ka7 52. Qd7+
Kb8 53. Qd8+ 1/2-1/2

[Event "46th Rilton Cup 2016-17"]
[Site "Stockholm SWE"]
[Date "2016.12.29"]
[Round "3.35"]
[White "Grafl, Florian"]
[Black "Sadhwani, Raunak"]
[Result "1-0"]
[WhiteTitle "IM"]
[BlackTitle "CM"]
[WhiteElo "2394"]
[BlackElo "2246"]
[WhiteFideId "4645715"]
[BlackFideId "35093487"]
[EventDate "2016.12.27"]

1. b3 Nf6 2. Bb2 g6 3. Bxf6 exf6 4. c4 Bg7 5. Nc3 f5 6. Rc1 O-O 7. g3 Re8 8. Bg2
c6 9. e3 d6 10. Nge2 Nd7 11. O-O Nf6 12. b4 Ne4 13. Qc2 Nxc3 14. Nxc3 Be6 15.
Qb3 Rc8 16. b5 Qa5 17. d4 Bd7 18. a4 Rc7 19. Rc2 Rec8 20. Rb1 h5 21. Bf1 h4 22.
Ne2 hxg3 23. hxg3 Bf6 24. Qc3 Qxc3 25. Nxc3 Be6 26. bxc6 bxc6 27. a5 Re8 28.
Rcb2 Bc8 29. Rb8 Kf8 30. Ra8 Bd7 31. Rbb8 Rxb8 32. Rxb8+ Ke7 33. f4 Be8 34. Bg2
Kd7 35. Ra8 Bd8 36. d5 Ke7 37. dxc6 Bxc6 38. Bxc6 Rxc6 39. Rxa7+ Ke6 40. Nb5
Rxc4 41. Ra8 Rc5 42. Nd4+ Kd7 43. a6 Ra5 44. Rxd8+ 1-0

[Event "46th Rilton Cup 2016-17"]
[Site "Stockholm SWE"]
[Date "2016.12.29"]
[Round "3.36"]
[White "Tuomainen, Felix"]
[Black "Gajic, Mladen"]
[Result "1-0"]
[BlackTitle "FM"]
[WhiteElo "2228"]
[BlackElo "2349"]
[WhiteFideId "1720813"]
[BlackFideId "1709178"]
[EventDate "2016.12.27"]

1. d4 Nf6 2. c4 c5 3. d5 e6 4. Nc3 exd5 5. cxd5 d6 6. Nf3 g6 7. Nd2 Bg7 8. e4
O-O 9. Be2 Re8 10. O-O Nbd7 11. Re1 a6 12. a4 Ne5 13. h3 g5 14. Nf3 Nxf3+ 15.
Bxf3 Nd7 16. Ne2 Ne5 17. Ng3 f5 18. Bh5 f4 19. Bxe8 Qxe8 20. Nf5 Bxf5 21. exf5
Qf7 22. Bd2 Qxf5 23. Bc3 Rf8 24. Bxe5 Bxe5 25. Ra3 c4 26. Qe2 Rc8 27. a5 Rc5 28.
Ra4 f3 29. Qe4 Qxe4 30. Rxe4 Rxd5 31. gxf3 Bxb2 32. Rexc4 Rb5 33. Rab4 Rxb4 34.
Rxb4 Bc3 35. Rxb7 Bxa5 36. Ra7 Bb4 37. Rxa6 Kf7 38. Kf1 Bc5 39. f4 gxf4 40. Ra4 1-0